A nineteenth century Ute burial from northeast Utah /

Bibliographic Details
Main Author: Fike, Richard E.
Corporate Authors: United States. Bureau of Land Management. Utah State Office, Society for Historical Archaeology. Meeting
Other Authors: Phillips, H. Blaine
Format: Government Document Book
Language:English
Published: Salt Lake City, Utah : Utah State Office, Bureau of Land Management, 1984.
Series:Cultural resource series (United States. Bureau of Land Management. Utah State Office) ; no. 16.
Subjects:

MARC

Tag First Indicator Second Indicator Subfields
LEADER 00000cam a2200000 a 4500
001 in00000855784
005 20151019065724.0
008 850120s1984 utuab b f10010 eng d
010 |a gp 85021362  
035 |a (OCoLC)11608956 
035 |9 AED1925AM 
040 |a KEN  |c KEN  |d UDI  |d GPO  |d UtOrBLW 
043 |a n-us-ut 
074 |a 629-E 
086 0 |a I 53.22/2:16 
090 |a E78.U55  |b C84 no.16 
092 |a 970.1  |b F47n 
100 1 |a Fike, Richard E. 
245 1 2 |a A nineteenth century Ute burial from northeast Utah /  |c by Richard E. Fike, H. Blaine Phillips II. 
264 1 |a Salt Lake City, Utah :  |b Utah State Office, Bureau of Land Management,  |c 1984. 
300 |a v, 131 pages :  |b illustrations (some color), maps ;  |c 28 cm. 
336 |a text  |b txt  |2 rdacontent 
337 |a unmediated  |b n  |2 rdamedia 
338 |a volume  |b nc  |2 rdacarrier 
490 1 |a Cultural resource series ;  |v no. 16 
500 |a Spine title: A 19th century Ute burial from northeast Utah. 
500 |a "Symposium: sixteenth annual meeting, Society for Historical Archaeology, Denver, Colorado, January 1983." 
504 |a Bibliography: pages 123-131. 
650 0 |a Ute Indians  |x Religion  |x Congresses. 
651 0 |a Utah  |x Antiquities  |x Congresses. 
650 0 |a Indians of North America  |x Funeral customs and rites. 
700 1 |a Phillips, H. Blaine. 
710 1 |a United States.  |b Bureau of Land Management.  |b Utah State Office. 
710 2 |a Society for Historical Archaeology.  |b Meeting  |n (16th :  |d 1983 :  |c Denver, Colo.) 
740 2 |a A 19th century Ute burial from northeast Utah. 
830 0 |a Cultural resource series (United States. Bureau of Land Management. Utah State Office) ;  |v no. 16. 
999 |a MARS 
999 f f |s 1c0cb026-113a-357f-a549-a2720b6f20e7  |i a97a7a84-ae9f-3015-b23b-3f86f99a23b9  |t 0 
952 f f |p normal  |a Texas A&M University  |b College Station  |c Sterling C. Evans Library  |d Evans: US Documents (Annex 5th floor)  |t 0  |e I 53.22/2: 16  |h Superintendent of Documents classification  |i unmediated -- volume  |m A14838162396 
998 f f |a I 53.22/2: 16  |t 0  |l Evans: US Documents (Annex 5th floor)